000 00297nam a2200145Ia 4500
100 _aHein/James L
942 _cBK
654 _acomputability
245 _aDiscrete structures
260 _bNarosa Pub House
_c2002
082 _a510
_bHEI
300 _a943
546 _aENGLISH
999 _c26033
_d26033